000 006180000a22002050004500
003 LK-CoMWRAF
005 20231109132834.0
008 230817t1997 ||||| |||| 00| 0 eng d
020 _a9559261045
040 _aLK-CoMWRAF
_dLK-CoMWRAF
_eLK-CoMWRAF
041 _aeng
082 _a305.4
_bTHI
100 _aThiruchandran, Selvy
245 _aThe Politics of Gender and Women's Agency in Post-Colonial Sri Lanka
260 _aColombo:
_bWomen's Education and Research Centre,
_c1997
300 _a x, 61p.
_bBibliography included
650 _aWOMEN-Political activity
650 _aPostcolonialism
942 _cBK
999 _c1811
_d1811